Statistics for Name the McDonald Douglas Commercial Planes

Click here to take the quiz!

General Stats

  • This quiz has been taken 81 times
  • The average score is 6 of 7

Answer Stats

Answer% Correct
DC10
97%
MD11
92%
DC9
83%
DC8
81%
MD80
78%
MD90
75%
MD95 or better known as the B717
46%

Score Distribution

Percentile by Number Answered

Percent of People with Each Score

Your Score History

You have not taken this quiz